The insurgent' view: the life anf experiences of npa surrenderees in davao del sur / (Record no. 24547)
[ view plain ]
| 000 -LEADER | |
|---|---|
| fixed length control field | 00670nam a22001577a 4500 |
| 005 - DATE AND TIME OF LATEST TRANSACTION | |
| control field | 20260330101238.0 |
| 008 - FIXED-LENGTH DATA ELEMENTS--GENERAL INFORMATION | |
| fixed length control field | 260330b |||||||| |||| 00| 0 eng d |
| 100 ## - MAIN ENTRY--PERSONAL NAME | |
| Personal name | Barette, Aila Marie S. |
| 9 (RLIN) | 70370 |
| 245 ## - TITLE STATEMENT | |
| Title | The insurgent' view: the life anf experiences of npa surrenderees in davao del sur / |
| Statement of responsibility, etc. | Aila Marie S. Barette, Joshua S. Preglo, and Ryan James R. Tuco. |
| 300 ## - PHYSICAL DESCRIPTION | |
| Extent | vi, 114 Pages : |
| Other physical details | illustration (some colors) : |
| Dimensions | 30 Cm. |
| 500 ## - GENERAL NOTE | |
| General note | Includes references and appendices. |
| 650 #0 - SUBJECT ADDED ENTRY--TOPICAL TERM | |
| Topical term or geographic name as entry element | Arts And Science |
| General subdivision | Undergraduate thesis. |
| 9 (RLIN) | 70371 |
| 700 ## - ADDED ENTRY--PERSONAL NAME | |
| Personal name | Preglo, Joshua S. |
| Relator term | Researcher. |
| 9 (RLIN) | 70372 |
| 700 ## - ADDED ENTRY--PERSONAL NAME | |
| Personal name | Tuco, Ryan James R. |
| Relator term | Researcher. |
| 9 (RLIN) | 70373 |
| 942 ## - ADDED ENTRY ELEMENTS (KOHA) | |
| Source of classification or shelving scheme | Dewey Decimal Classification |
| Koha item type | Undergraduate Thesis |
No items available.
